Statystyki dla Rozsypanka literowa- największe miasta Azji

Kliknij tutaj aby rozwiązać quiz!

Ogólne statystyki

  • Ten quiz został rozwiązany 15 razy
  • Średni wynik to 8 z 10

Statystyki odpowiedzi

RozsypankaMiasto% Poprawnych
OTKIOTokio
100%
NOKBKAGBangkok
93%
KPENIPekin
93%
JOMBABBombaj
86%
USELSeul
79%
GZAJASHNSzanghaj
79%
EHILDDelhi
71%
TŻARADAKDżakarta
64%
HETRANETeheran
64%
RIKAZACKaraczi
29%

Rozkład punktacji

Percentyl według liczby udzielonych odpowiedzi

Procent ludzi z każdym wynikiem

Twoja historia wyników

Nie rozwiązałeś tego quizu